Normal view
MARC view
Entry Topical Term
001 - CONTROL NUMBER
- control field: 12621
003 - CONTROL NUMBER IDENTIFIER
- control field: ARRUPE
005 - DATE AND TIME OF LATEST TRANSACTION
- control field: 20141113133523.0
008 - FIXED-LENGTH DATA ELEMENTS
- fixed length control field: 141113|| aca||aabn | a|a d
040 ## - CATALOGING SOURCE
- Original cataloging agency: ARRUPE
- Transcribing agency: ARRUPE
150 ## - HEADING--TOPICAL TERM
- Topical term or geographic name as entry element: Church renewal
- General subdivision: Catholic Church.
670 ## - SOURCE DATA FOUND
- Source citation: Work cat.: (ARRUPE)0: Robinson, Geoffrey, 1937- 12618, Confronting power and sex in the Catholic Church :, c2008.